Principles and problems of imperial defence (Record no. 552505)
[ view plain ]
| 000 -LEADER | |
|---|---|
| fixed length control field | 00539cam a2200145K 4500 |
| 082 04 - DEWEY DECIMAL CLASSIFICATION NUMBER | |
| Classification number | 359.009 |
| Author Mark | MAY |
| -- | D |
| 100 1# - MAIN ENTRY--PERSONAL NAME | |
| Personal name | May, E. S. |
| 9 (RLIN) | 49730 |
| 245 10 - TITLE STATEMENT | |
| Title | Principles and problems of imperial defence |
| Statement of responsibility, etc. | by Lieut.-Col. Edward S. May ... |
| 260 ## - PUBLICATION, DISTRIBUTION, ETC. | |
| Place of publication, distribution, etc. | London, |
| Name of publisher, distributor, etc. | S. Sonnenschein & Co.; |
| Place of publication, distribution, etc. | New York, |
| Name of publisher, distributor, etc. | E.P. Dutton & Co., |
| Date of publication, distribution, etc. | 1903. |
| 300 ## - PHYSICAL DESCRIPTION | |
| Extent | 1 online resource (xx, 332 p.) |
| Other physical details | 4 fold. maps. |
| 526 ## - STUDY PROGRAM INFORMATION NOTE | |
| Program name | 0 |
| Interest level | 0 |
| Reading level | 0 |
| Title point value | 359_009000000000000_MAY |
| 650 ## - SUBJECT ADDED ENTRY--TOPICAL TERM | |
| Topical term or geographic name entry element | MCE |
| 9 (RLIN) | 379 |
| 856 40 - ELECTRONIC LOCATION AND ACCESS | |
| Uniform Resource Identifier | <a href="http://catalog.hathitrust.org/api/volumes/oclc/3506877.html">http://catalog.hathitrust.org/api/volumes/oclc/3506877.html</a> |
| 942 ## - ADDED ENTRY ELEMENTS (KOHA) | |
| Source of classification or shelving scheme | |
| Koha item type | Book |
| Withdrawn status | Lost status | Source of classification or shelving scheme | Damaged status | Not for loan | Permanent Location | Current Location | Shelving location | Date acquired | Total Checkouts | Full call number | Barcode | Date last seen | Price effective from | Koha item type |
|---|---|---|---|---|---|---|---|---|---|---|---|---|---|---|
| Military College of Engineering (MCE) | Military College of Engineering (MCE) | 01/16/2015 | 359.009 MAY | MCE-ECP/31 | 01/16/2015 | 01/16/2015 | Book |
